000 00697 a2200205 4500
005 20080829124117.0
008 080829t xxu||||| |||| 00| 0 eng d
010 _aENG-87416
020 _a8170463238
_c375.00
035 _aEN-70949
037 _bD.B.Act / Pub
082 _a882
100 _aMitra, Manoj
245 _aThe theatre of conscience
_cby Manoj Mitra
_bthree plays
260 _aKolkata
_bSeagull Books
_c2007
270 _a26, Circus Avenue
_bKolkata
_e700014
300 _a290 p.
_c21 cm. (Pbk)
942 _adpl
_cEN
_k882 / MIT
_2ddc
_h882
_mMIT
999 _c6536
_d6536